Statistics for Asia Geography Quiz #1

Click here to take the quiz!

General Stats

  • This quiz has been taken 19,439 times
  • The average score is 15 of 20

Answer Stats

Question Answer % Correct
What are the two biggest cities in the United Arab Emirates?Dubai
91%
What national capital city ends with "bad"?Islamabad
87%
What country is shaped like a teardrop?Sri Lanka
86%
What is the most-spoken language in India?Hindi
85%
What is the name of the star that appears on the flag of Israel?Star of David
84%
What does the word "stan" mean in the Persian language?Country
82%
What are the two biggest cities in the United Arab Emirates?Abu Dhabi
80%
What country was formerly called the Dutch East Indies?Indonesia
80%
What strait separates Russia from Alaska?Bering Strait
80%
What bay can be found between India and Myanmar?Bay of {Bengal}
73%
Other than Turks, what is the largest ethnic group in Turkey?Kurds
72%
What was the former name of Ho Chi Minh city?Saigon
70%
What Egyptian peninsula is part of Asia?Sinai Peninsula
69%
What sea is bordered by China, Vietnam, Philippines, and Indonesia?South China Sea
68%
What Russian lake contains 20% of the world's fresh water?Lake Baikal
67%
What is the title of the ruler of Brunei?Sultan of Brunei
65%
What is the national animal of Thailand?Elephant
63%
What is the largest city on the Pacific Coast of Russia?Vladivostok
59%
What is the world's most populous river basin?Ganges
57%
What city's regions include Kowloon and the New Territories?Hong Kong
55%

Score Distribution

Percentile by Number Answered

Percent of People with Each Score

Your Score History

You have not taken this quiz